000 nam a22 a 4500
999 _c1093
_d1093
003 AKMAL
005 20170508135118.0
008 170508s1992 my g a10 0 may d
040 _aAKMAL
082 0 4 _a297.44 KON
_222
090 _a297.44
_bKON
110 2 _aKongres "Menjelang Abad 21 : Islam dan Wawasan 2020"
_d(1992 :
_cKuala Lumpur)
_92272
245 1 0 _aKongres "Menjelang Abad 21: Islam dan Wawasan 2020", Pusat Dagangan Dunia Putra (PWTC) Kuala Lumpur, 3-4 Julai 1992 :
_b[laporan] /
_cInstitut Kefahaman Islam
260 _a[Kuala Lumpur :
_bInstitut Kefahaman Islam],
_c1992
300 _aix, [346]ms., [5] lbr. plat ;
_c25cm
500 _aTeks bahasa Melayu dan Inggeris
504 _aMengandungi rujukan bibliografi
650 1 0 _aWawasan 2020
_vCongresses
_92273
650 2 0 _aEconomic development
_xReligious aspects
_xIslam
_vCongresses
_92274
650 2 0 _aIslam
_y21st century
_zMalaysia
_92275
650 2 0 _aIslam and science
_vCongresses
_92276
650 2 0 _aTechnology
_xReligious aspects
_xIslam
_vCongresses
_92277
650 2 0 _aIslam and politics
_zMalaysia
_vCongresses
_92278
651 _aMalaysia
_xEconomic policy
_vCongresses
_92279
710 2 _aInstitut Kefahaman Islam Malaysia
_92008
942 _2ddc
_cBOOK